00673 2200241 4500001002100000005001500021035002000036007000300056008004100059020002200100082000800122084001500130100002500145245012600170250001000296260002800306300002800334650001400362700002000376700001300396990001100409990001100420INLIS00000000000294220190119111516 a0010-0119000294ta190119 g 0 ind  a978-602-6328-22-9 a658 a658 IND o0 aINDAH, Riyanti Putri1 aOpen Your Mind :bPetikan Inspirasi Hidup (For Hijabed Teenagers) /cIndah Riyanti Putri, Carolina Ratri; editor, Antik M acet.1 aSolo :bMetagraf,c2016 aviii, 166 hlm. ;c24 cm aMANAJEMEN0 aCAROLINA, Ratri0 aANTIK, M a6370 a a6370 b